Statistics for American Corporate Slogans Quiz #3

Click here to take the quiz!

General Stats

  • This quiz has been taken 21,808 times
    (15,983 since last reset)
  • The average score is 9 of 22

Answer Stats

SloganBrand% Correct
Finger-lickin’ good! KFC
96%
I'm lovin' itMcDonalds
89%
They're gr-r-r-eat!Frosted Flakes
79%
Melts in your mouth, not in your handsM&Ms
56%
So easy a caveman can do itGeico
51%
The best a man can getGillette
51%
The ultimate driving machine BMW
50%
Breakfast of championsWheaties
49%
Can you hear me now?Verizon
49%
Once you pop, you can't stopPringles
49%
It keeps going, and going, and going... Energizer
48%
The taste of a new generation Pepsi
43%
The banquet beerCoors
38%
Save money. Live betterWal-Mart
33%
You are now free to move about the country Southwest Airlines
29%
All the news that’s fit to print New York Times
26%
Kid tested. Mother approvedKix
26%
Between love and madness lies obsessionCalvin Klein
18%
You've come a long way, babyVirginia Slims
17%
Don't be evilGoogle
15%
The world on timeFedEx
12%
Better living through chemistry DuPont
10%

Score Distribution

Percentile by Number Answered

Percent of People with Each Score

Your Score History

You have not taken this quiz since the last reset